[Event "OHRA"]
[Site "Amsterdam"]
[Date "1983.??.??"]
[Round "?"]
[White "Short, Nigel D"]
[Black "Timman, Jan H"]
[Result "1/2-1/2"]
[WhiteElo "2475"]
[BlackElo "2605"]

1.e4 e5 2.Nf3 Nc6 3.Bb5 a6 4.Ba4 Nf6 5.O-O Be7 6.Re1 b5 7.Bb3 O-O 8.a4 b4
9.d3 d6 10.Nbd2 Bg4 11.h3 Bh5 12.c3 Rb8 13.Bc4 Qc8 14.a5 Rd8 15.Nf1 bxc3
16.bxc3 d5 17.exd5 Nxd5 18.Bd2 f6 19.Ng3 Bf7 20.Qa4 Qb7 21.Kh2 Bf8 22.Rab1 Qa8
23.Rxb8 Rxb8 24.Nf5 Nce7 25.Nxe7+ Bxe7 26.d4 exd4 27.Nxd4 Rb2 28.Nf5 Bf8
29.Re2 c6 30.Nd4 c5 31.Nf5 Qb7 32.Ne3 h5 33.h4 g6 34.g3 Nxe3 35.fxe3 Kh7
36.e4 Bxc4 37.Qxc4 Qb3 38.Qd3 c4 39.Qd7+ Bg7 40.Rf2 Qd1 41.Rg2 Rb1 42.g4 Qh1+
43.Kg3 Rg1 44.Rxg1 Qxg1+ 45.Kh3 Qh1+ 46.Kg3 Qxe4 47.gxh5 Qe5+ 48.Kg2 Qxh5
49.Qe6 Qd1 50.Be1 f5 51.Bf2 Qg4+ 52.Kf1 Qh3+ 53.Kg1 Qxc3 54.Qxa6 Qc1+ 55.Kg2 c3
56.Qc4 c2 57.a6 Qd2 58.a7 c1=Q 59.Qxc1 Qxc1 60.a8=Q Qf4 61.Qf3 Qxf3+ 62.Kxf3 Kh6
63.Be3+ Kh5 64.Bg5 Be5 65.Be7 Kh6 66.Bg5+ Kg7 67.Be3 Kf7 68.Bd2 Ke6 69.Be3 Kd5
70.Bg5 Kd4 71.Be3+ Kd3 72.Bg5 Bd6 73.Bf6 Kd2 74.Kf2 Bf4 75.Be7 Be3+ 76.Kf3 Bh6
77.Kf2 Kd3 78.Kf3 Kd4 79.Bd6 Bg7 80.Be7 Ke5 81.Bg5 Bf6 82.Bxf6+ Kxf6 83.Kf4  1/2-1/2

[Event "OHRA"]
[Site "Amsterdam"]
[Date "1983.??.??"]
[Round "?"]
[White "Timman, Jan H"]
[Black "Lobron, Eric"]
[Result "1-0"]
[WhiteElo "2605"]
[BlackElo "2480"]

1.d4 Nf6 2.c4 e6 3.Nc3 Bb4 4.Bg5 h6 5.Bh4 c5 6.d5 d6 7.e3 exd5 8.cxd5 g5
9.Bg3 Ne4 10.Qc2 Qe7 11.Bd3 Bxc3+ 12.bxc3 Nxg3 13.hxg3 Nd7 14.Rb1 Ne5 15.c4 Qf6
16.Ne2 Ng4 17.Nc3 h5 18.Ne4 Qe7 19.Qc3 Ne5 20.Be2 b6 21.f4 gxf4 22.exf4 Ng6
23.Nf6+ Kd8 24.Kd2 h4 25.Rbe1 Qf8 26.Bd3 Qg7 27.Bxg6 Qxg6 28.Re2 Rh6 29.Re8+ Kc7
30.Ng8 Rh7 31.Rhe1 f5 32.R1e7+ Rxe7 33.Rxe7+ Bd7 34.Rg7 Rxg8 35.Rxg6 Rxg6
36.gxh4 Rxg2+ 37.Ke1 Rg1+ 38.Kf2 Rg4 39.h5 Rxf4+ 40.Kg3 Rg4+ 41.Kf3 Rh4 42.Qh8 b5
43.cxb5 Rh3+ 44.Kf4 Rh4+ 45.Kg5 Rg4+ 46.Kf6 f4 47.Qa8  1-0

[Event "OHRA"]
[Site "Amsterdam"]
[Date "1983.??.??"]
[Round "?"]
[White "Van Wijgerden, Cornelis"]
[Black "Timman, Jan H"]
[Result "0-1"]
[WhiteElo "2430"]
[BlackElo "2605"]

1.e4 e5 2.Nf3 Nc6 3.Bb5 a6 4.Ba4 Nf6 5.d4 exd4 6.O-O Be7 7.Re1 b5 8.Bb3 d6
9.Bd5 Nxd5 10.exd5 Ne5 11.Nxd4 O-O 12.Nc3 Qd7 13.f4 Ng6 14.Nc6 Bf6 15.Ne4 Qf5
16.Ng3 Qg4 17.Qxg4 Bxg4 18.Ne4 Rfe8 19.Nxf6+ gxf6 20.Bd2 Bd7 21.Kf2 Bxc6
22.dxc6 Rxe1 23.Rxe1 f5 24.Kf3 f6 25.Ba5 Rc8 26.a4 Kf7 27.Bc3 Ne7 28.axb5 axb5
29.Ra1 Nxc6 30.Ra6 Ne7 31.Ra7 Ke6 32.Rb7 c6 33.Ra7 c5 34.Bd2 b4 35.Be3 h5
36.Bf2 Nd5 37.Ra1 Rb8 38.Ra6 b3 39.c3 Nb6 40.Ke2 Kd5  0-1

[Event "KRO m"]
[Site "Hilversum"]
[Date "1983.??.??"]
[Round "2"]
[White "Spassky, Boris V"]
[Black "Timman, Jan H"]
[Result "1/2-1/2"]
[WhiteElo "2605"]
[BlackElo "2605"]

1.e4 e5 2.Nc3 Nf6 3.g3 d5 4.exd5 Nxd5 5.Bg2 Nxc3 6.bxc3 Bd6 7.Ne2 O-O 8.O-O c6
9.f4 Bg4 10.fxe5 Bxe5 11.d4 Re8 12.Rf2 Bd6 13.Qd3 Nd7 14.Bd2 Bh5 15.Raf1 Qe7
16.Re1 Bg6 17.Qc4 Qe6 18.Qb3 Qxb3 19.cxb3 Nf6 20.Nc1 Rxe1+ 21.Bxe1 Ba3 22.Bd2 Ne4
23.Bxe4 Bxe4 24.Ne2 a5 25.Bc1 Bf8 26.c4 a4 27.Nc3 axb3 28.axb3 Bd3 29.Rd2 Bf5
30.Bb2 Rd8 31.Kf2 h5 32.Nd1 f6  1/2-1/2

[Event "KRO m"]
[Site "Hilversum"]
[Date "1983.??.??"]
[Round "4"]
[White "Spassky, Boris V"]
[Black "Timman, Jan H"]
[Result "1/2-1/2"]
[WhiteElo "2605"]
[BlackElo "2605"]

1.d4 Nf6 2.c4 e6 3.Nc3 Bb4 4.e3 c5 5.Bd3 Nc6 6.Nf3 Bxc3+ 7.bxc3 d6 8.O-O e5
9.Nd2 O-O 10.d5 Ne7 11.Qc2 g6 12.a4 Nh5 13.f4 exf4 14.exf4 Nf6 15.Nf3 Nf5
16.Re1 Bd7 17.h3 h5 18.Qf2 Re8 19.Bd2 Rxe1+ 20.Rxe1 Qf8 21.Nh4 Re8 22.Rxe8 Qxe8
23.Nxf5 Bxf5 24.Bxf5 gxf5 25.Qg3+ Kf8 26.Qg5 Ne4 27.Qh6+ Kg8 28.Be1 Qxa4
29.Bh4 Qd1+ 30.Kh2 Nd2 31.Qg5+  1/2-1/2

[Event "KRO m"]
[Site "Hilversum"]
[Date "1983.??.??"]
[Round "5"]
[White "Timman, Jan H"]
[Black "Spassky, Boris V"]
[Result "1/2-1/2"]
[WhiteElo "2605"]
[BlackElo "2605"]

1.e4 e5 2.Nf3 Nc6 3.Bb5 a6 4.Ba4 Nf6 5.O-O Be7 6.d4 exd4 7.Re1 b5 8.Bb3 d6
9.Bd5 Nxd5 10.exd5 Ne5 11.Nxd4 O-O 12.Nc3 Re8 13.a4 b4 14.Ne4 Bb7 15.Nf5 Qd7
16.Nxe7+ Rxe7 17.Bg5 Ree8 18.f3 f5 19.Ng3 Qf7 20.Qd4 a5 21.Rad1 h6 22.Bf4 Ng6
23.Nh5 Ne7 24.Bxh6 gxh6 25.Nf6+ Kf8 26.Nd7+ Kg8 27.Nf6+ Kf8 28.Nxe8 Kxe8
29.c4 bxc3 30.bxc3 Kf8 31.Re6 Ng8 32.Rde1 Bc8 33.Re8+ Qxe8 34.Rxe8+ Kxe8
35.Qg7 Ne7 36.Qxh6 Rb8 37.h4 Rb1+ 38.Kh2 Bb7 39.h5 Bxd5 40.Qg7 Bg8 41.h6 Re1
42.h7 Bxh7 43.Qxh7 Re5 44.Kg3 Rc5 45.Kh4 Nc8 46.f4 Nb6 47.g4 fxg4 48.f5 Nd7
49.Qg6+ Kd8 50.Qg8+ Ke7 51.Qe6+ Kd8 52.f6 Nxf6 53.Qxf6+ Kd7 54.Qf7+ Kc6 55.Qb3 Re5
56.Kxg4 Kd7 57.Qb7 Rc5 58.Qa6 Re5 59.Kf4 Rc5  1/2-1/2

[Event "KRO m"]
[Site "Hilversum"]
[Date "1983.??.??"]
[Round "6"]
[White "Spassky, Boris V"]
[Black "Timman, Jan H"]
[Result "1/2-1/2"]
[WhiteElo "2605"]
[BlackElo "2605"]

1.d4 Nf6 2.Nf3 e6 3.Bg5 c5 4.e3 b6 5.Nbd2 Bb7 6.Bd3 Be7 7.O-O O-O 8.c3 cxd4
9.cxd4 Nd5 10.Bxe7 Qxe7 11.Rc1 f5 12.a3 Nc6 13.Bc4 Nd8 14.Qe2 Nf7 15.Ba6 Bc6
16.Bb5 Bb7 17.Ba6 Bc6 18.Bb5 Bb7 19.Ba6  1/2-1/2

[Event "Indonesia"]
[Site "Indonesia"]
[Date "1983.??.??"]
[Round "14"]
[White "Timman, Jan H"]
[Black "Henley, Ron W"]
[Result "0-1"]
[WhiteElo "2605"]
[BlackElo "2525"]

1.d4 d5 2.c4 c6 3.Nf3 Nf6 4.Nc3 e6 5.Bg5 dxc4 6.e4 b5 7.e5 h6 8.Bh4 g5 9.Nxg5 Nd5
10.Nxf7 Qxh4 11.Nxh8 Bb4 12.Qd2 c5 13.dxc5 Nd7 14.g3 Qh5 15.Bg2 Bb7 16.O-O O-O-O
17.Qe2 Qxe2 18.Nxe2 Rxh8 19.Nd4 Nxe5 20.Nxe6 Nd3 21.Rad1 Nc7 22.c6 Nxe6 23.cxb7+ Kc7
24.a3 Bc5 25.b4 Bb6 26.Bd5 Ng5 27.Rd2 Rd8 28.Bg2 Rf8 29.Re2 Nf3+ 30.Kh1 Kxb7
31.h4 Kc7 32.Bh3 h5 33.Kg2 Nd4 34.Re7+ Kd6 35.Rd7+ Kc6 36.a4 bxa4 37.Rh7 a3
38.b5+ Kxb5 39.Rxh5+ Kb4 40.Rb1+ Nb3 41.Rxb3+  0-1

[Event "Lugano op"]
[Site "Lugano"]
[Date "1983.??.??"]
[Round "?"]
[White "Timman, Jan H"]
[Black "Donaldson, John W"]
[Result "1/2-1/2"]
[WhiteElo "2605"]
[BlackElo "2405"]

1.e4 e6 2.d4 d5 3.Nc3 Nf6 4.e5 Nfd7 5.f4 c5 6.Nf3 Nc6 7.Be3 Qb6 8.Na4 Qa5+
9.c3 cxd4 10.b4 Nxb4 11.cxb4 Bxb4+ 12.Bd2 Bxd2+ 13.Nxd2 b6 14.Kf2 Ba6 15.Nf3 Rc8
16.Nxd4 O-O 17.Bxa6 Qxa6 18.Re1  1/2-1/2

[Event "Lugano op"]
[Site "Lugano"]
[Date "1983.??.??"]
[Round "?"]
[White "Trepp, Markus"]
[Black "Timman, Jan H"]
[Result "1/2-1/2"]
[WhiteElo "2270"]
[BlackElo "2605"]

1.e4 c5 2.Nf3 d6 3.d4 cxd4 4.Nxd4 Nf6 5.Nc3 a6 6.Be3 e6 7.f4 b5 8.Qf3 Bb7
9.Bd3 Nbd7 10.g4 Nc5 11.g5 b4 12.gxf6 bxc3 13.fxg7 Bxg7 14.b4 Nxd3+ 15.cxd3 c2
16.Rg1 Qc7 17.Ke2 Qc3 18.Qf2 Bf6 19.Rac1 Rc8 20.Rxc2 Qxb4 21.Rxc8+ Bxc8 22.Nb3 Qa4
23.Bd4 Bxd4 24.Qxd4 Qxd4 25.Nxd4 Ke7 26.Nc6+ Kd7 27.Na5 Ke7 28.e5 Bd7 29.Nc4 dxe5
30.fxe5 h6 31.Ke3 Rc8 32.Kd4 Bb5 33.Nd6 Rc2 34.Rf1 Be8 35.Rb1 f5 36.Rb7+ Bd7
37.Nc4 Kd8 38.Kc5 Rc3 39.Kd4 Rc2 40.Kc5 Rc3 41.Kd4 Rc2  1/2-1/2

[Event "Lugano op"]
[Site "Lugano"]
[Date "1983.??.??"]
[Round "1"]
[White "Glauser, Hansruedi"]
[Black "Timman, Jan H"]
[Result "1-0"]
[WhiteElo "2200"]
[BlackElo "2605"]

1.e4 c5 2.Nf3 e6 3.d4 cxd4 4.Nxd4 Nf6 5.Nc3 d6 6.Be2 Be7 7.O-O O-O 8.f4 Nc6
9.Be3 a6 10.Qe1 Nxd4 11.Bxd4 b5 12.Rd1 Bb7 13.Bd3 Bc6 14.Kh1 b4 15.e5 dxe5
16.fxe5 Nd7 17.Ne4 Qa5 18.Nf6+ Nxf6 19.exf6 Qg5 20.Be4 Bxe4 21.Qxe4 Bxf6
22.Bxf6 gxf6 23.Rd3 Kh8 24.Qxb4 f5 25.Qd4+ Qg7 26.Rfd1 e5 27.Qf2 f4 28.g3 e4
29.Rd4 fxg3 30.hxg3 Rae8 31.Qe3 Qg4 32.R1d2 Rg8 33.Kg2 Re6 34.Rd8 Rxd8 35.Rxd8+ Kg7
36.Qc3+ Rf6 37.Qe3 Rf3 38.Qd4+ Kh6 39.Qd6+ Kh5 40.Qd5+ Rf5 41.Qd1 Rf3 42.Qh1+  1-0

[Event "Lugano op"]
[Site "Lugano"]
[Date "1983.??.??"]
[Round "3"]
[White "Grzesik, Frank"]
[Black "Timman, Jan H"]
[Result "1-0"]
[WhiteElo "2245"]
[BlackElo "2605"]

1.e4 e6 2.d4 d5 3.Nc3 Bb4 4.Ne2 Nf6 5.e5 Nfd7 6.a3 Be7 7.f4 g6 8.Be3 b6 9.Nc1 c5
10.Nb3 h5 11.Bb5 Ba6 12.Bxa6 Nxa6 13.Qe2 c4 14.Nd2 Nc7 15.g3 b5 16.Kf2 Nb6
17.h3 a5 18.Qf3 b4 19.axb4 axb4 20.Ne2 Nb5 21.Kg2 Rc8 22.c3 Ra8 23.g4 Kd7
24.f5 hxg4 25.fxe6+ fxe6 26.Qxg4 bxc3 27.bxc3 g5 28.Nf3 Rg8 29.Rhb1 Na3 30.Rb2 Nc2
31.Rxc2 Rxa1 32.Rb2 Na8 33.Ng3 Qa5 34.Bd2 Nc7 35.Nh5 Kc6 36.Nf6 Rf8 37.Nxg5 Qa3
38.Rc2 Qb3 39.Rc1 Rxc1 40.Bxc1 Qc2+  1-0

[Event "Lugano op"]
[Site "Lugano"]
[Date "1983.??.??"]
[Round "7"]
[White "Timman, Jan H"]
[Black "Hodgson, Julian M"]
[Result "1-0"]
[WhiteElo "2605"]
[BlackElo "2350"]

1.e4 c5 2.Nf3 d6 3.d4 cxd4 4.Nxd4 Nf6 5.Nc3 a6 6.Be3 e6 7.f4 b5 8.Qf3 Bb7
9.Bd3 Nbd7 10.g4 Nc5 11.g5 b4 12.gxf6 bxc3 13.fxg7 Bxg7 14.b4 Nxd3+ 15.cxd3 c2
16.Rc1 Rc8 17.Rg1 Bf6 18.Ke2 h5 19.f5 e5 20.Nxc2 d5 21.Bc5 a5 22.Qe3 Qd7
23.Qh6 Qc6 24.exd5 Qa6 25.b5 Rxh6 26.bxa6 Bxa6 27.Rg8+ Kd7 28.Rxc8 Bxc8 29.Na3 Bg5
30.Be3 Bxe3 31.Kxe3 Bb7 32.Rc5 Kd6 33.Rxa5 Bxd5 34.Ra6+ Bc6 35.Nc4+  1-0

[Event "Lugano op"]
[Site "Lugano"]
[Date "1983.??.??"]
[Round "9"]
[White "Timman, Jan H"]
[Black "Donaldson, John W"]
[Result "1-0"]
[WhiteElo "2605"]
[BlackElo "2405"]

1.e4 e6 2.d4 d5 3.Nc3 Nf6 4.e5 Nfd7 5.f4 c5 6.Nf3 Nc6 7.Be3 Qb6 8.Na4 Qa5+
9.c3 cxd4 10.b4 Nxb4 11.cxb4 Bxb4+ 12.Bd2 Bxd2+ 13.Nxd2 b6 14.Kf2 Ba6 15.Nf3 Rc8
16.Nxd4 O-O 17.Bxa6 Qxa6 18.Re1 Rc4 19.Nb2 Rb4 20.Qd2 Qa3 21.Nd1 Qa4 22.Ne2 Nc5
23.Kg1 Ne4 24.Qd3 Rc8 25.f5 Qa5 26.Rf1 Nc5 27.Qf3 exf5 28.Ne3  1-0

[Event "EU-chT Plovdiv"]
[Site "Plovdiv"]
[Date "1983.??.??"]
[Round "1"]
[White "Timman, Jan H"]
[Black "Lobron, Eric"]
[Result "1/2-1/2"]
[WhiteElo "2605"]
[BlackElo "2515"]

1.e4 c6 2.d4 d5 3.Nd2 dxe4 4.Nxe4 Bf5 5.Ng3 Bg6 6.h4 h6 7.Nf3 Nd7 8.h5 Bh7
9.Bd3 Bxd3 10.Qxd3 Ngf6 11.Bf4 e6 12.O-O-O Be7 13.Ne5 O-O 14.Qe2 a5 15.c4 a4
16.Kb1 a3 17.b3 Ra6 18.Qf3 Qc8 19.Rhe1 Rd8 20.Qe3 c5 21.Nxd7 Rxd7  1/2-1/2

[Event "EU-chT Plovdiv"]
[Site "Plovdiv"]
[Date "1983.??.??"]
[Round "2"]
[White "Karpov, Anatoly"]
[Black "Timman, Jan H"]
[Result "1/2-1/2"]
[WhiteElo "2710"]
[BlackElo "2605"]

1.e4 c5 2.Nf3 d6 3.d4 cxd4 4.Nxd4 Nf6 5.Nc3 e6 6.g4 h6 7.Rg1 Nc6 8.Be3 a6
9.Qe2 Nxd4 10.Bxd4 e5 11.Be3 Be6 12.h4 g6 13.g5 hxg5 14.hxg5 Nh5 15.O-O-O Nf4
16.Bxf4 exf4 17.Nd5 Bg7 18.Qf3 Bxd5 19.Rxd5 Qb6 20.c3 Be5 21.Bc4 Rh2 22.Rd2 Qc7
23.Bd5 O-O-O 24.Rh1 Rxh1+ 25.Qxh1 Rh8 26.Qd1 Rh2 27.a3 Rg2 28.Qb3 Rxg5 29.Bxf7 Rg1+
30.Kc2 Kb8 31.Be6 Ka7 32.f3 Rf1 33.Bg4 Qc5 34.Qb4 Qxb4 35.axb4 Rh1 36.Rg2 g5
37.Kb3 b5 38.Bf5 Bf6 39.e5 Bxe5 40.Rxg5 Kb6 41.Be4 Rh8 42.Rf5 Rd8 43.Bd5 a5
44.bxa5+ Kxa5 45.Rf7 Rc8 46.Ka3 Kb6 47.Kb4 Rc5 48.Be6 d5 49.Rd7 Kc6 50.Kb3 Bd6
51.Rh7 Be5 52.Bf5 Kb6 53.Rd7 Kc6 54.Bg4 Bd6 55.Rh7 Be5 56.Rh6+ Kc7 57.Rh7+ Kc6
58.Rf7 Bd6 59.Bd7+ Kb6 60.Be8 Rc8 61.Rf6 Rxe8 62.Rxd6+ Kc5 63.Rf6 Re3 64.Rxf4 b4
65.Rxb4 Rxf3 66.Ka4 Rf8 67.Rh4 Ra8+ 68.Kb3 Rg8 69.Kc2 Rg2+ 70.Kb1 Kc6 71.Ka2 Rf2
72.Ka3 Rg2 73.Rh8 Kc7 74.b4 Rg3 75.Kb2 Rf3 76.Kc2 Rg3 77.Rh6 Rf3 78.b5 Rg3
79.Rc6+ Kd7  1/2-1/2

[Event "EU-chT Plovdiv"]
[Site "Plovdiv"]
[Date "1983.??.??"]
[Round "3"]
[White "Timman, Jan H"]
[Black "Ljubojevic, Ljubomir"]
[Result "1/2-1/2"]
[WhiteElo "2605"]
[BlackElo "2645"]

1.d4 Nf6 2.c4 e6 3.Nf3 d5 4.Nc3 Be7 5.Bg5 h6 6.Bh4 O-O 7.e3 b6 8.Bd3 Bb7
9.O-O c5 10.Qe2 Nbd7 11.Rfd1 Rc8 12.cxd5 Nxd5 13.Nxd5 Bxh4 14.Nc3 cxd4 15.exd4 Qe7
16.Ba6 Bxa6 17.Qxa6 Nb8 18.Qa4 Bf6 19.Ne4 a6 20.Qb3 b5 21.a4 bxa4 22.Rxa4 Rfd8
23.h3 Rd5 24.Rb4 Qd8 25.Nxf6+ gxf6 26.Qe3 Kg7 27.Rc1 a5 28.Rbc4 Rxc4 29.Rxc4 Nd7
30.Qb3 Qb6 31.Qc3 Qb5 32.Rc7 Qb6 33.Rc8 Qb7 34.Re8 Nf8 35.Rc8 Rb5 36.Rc7 Qb8
37.Nh4 Rb7 38.Rc8 Qf4 39.Nf3 Nd7 40.Rg8+ Kxg8 41.Qc8+ Nf8 42.Qxb7 Qc1+ 43.Kh2 Qf1
44.Kg3 Kg7 45.Qb6 a4 46.Qb4 Ng6 47.Qxa4 Qc1 48.Kh2 Qxb2 49.Kg1 Qc1+ 50.Kh2 Qf1
51.d5 exd5 52.Qd4 Qc4 53.Qe3 Qe4 54.Qxe4 dxe4 55.Nd4 Ne7 56.Kg3 f5 57.f3 exf3
58.gxf3 Kf6 59.f4 Nd5 60.Kf3 Nc7 61.Ne2 Ne6 62.Ng3 Ng7 63.Ke3 Ke6 64.Kd4 Kd6
65.Kc4 Ke6 66.Kd4 Ne8 67.Nh5 Nd6 68.Ng7+ Kf6 69.Nh5+ Kg6 70.Ng3 Ne8 71.Ke3  1/2-1/2

[Event "EU-chT Plovdiv"]
[Site "Plovdiv"]
[Date "1983.??.??"]
[Round "6"]
[White "Tringov, Georgi P"]
[Black "Timman, Jan H"]
[Result "1/2-1/2"]
[WhiteElo "2455"]
[BlackElo "2605"]

1.e4 e6 2.d4 d5 3.Nc3 Bb4 4.e5 c5 5.a3 Bxc3+ 6.bxc3 Ne7 7.Nf3 Bd7 8.a4 Qa5
9.Bd2 Nbc6 10.Be2 f6 11.exf6 gxf6 12.O-O O-O-O 13.Re1 c4 14.Qc1 Rhg8 15.Bf1 Ng6
16.Qa3 e5 17.dxe5 fxe5 18.Be3 Bg4 19.Nd2 Qc7 20.g3 Nh4 21.a5 d4 22.cxd4 Nxd4
23.Qc3 Nhf3+ 24.Nxf3 Nxf3+ 25.Kh1 Nxe1 26.Rxe1 Kb8 27.Qxc4 Qxc4 28.Bxc4 Bf3+
29.Kg1 Rg6 30.Bd3 e4 31.Bxe4 Bxe4 32.Bf4+ Kc8 33.Rxe4 Ra6 34.Re5 Rc6 35.Re7 Rd7
36.Re8+ Rd8 37.Re7  1/2-1/2

[Event "Tilburg"]
[Site "Tilburg"]
[Date "1983.??.??"]
[Round "?"]
[White "Sosonko, Gennadi"]
[Black "Timman, Jan H"]
[Result "1-0"]
[WhiteElo "2575"]
[BlackElo "2605"]

1.d4 d5 2.Nf3 Nf6 3.c4 dxc4 4.Nc3 c6 5.a4 Bg4 6.Ne5 Bh5 7.f3 e6 8.g4 Bg6
9.h4 h6 10.Nxg6 fxg6 11.e4 c5 12.dxc5 Qxd1+ 13.Kxd1 Nc6 14.Bxc4 Rd8+ 15.Ke2 Nd4+
16.Kf2 Bxc5 17.Be3 O-O 18.Kg2 Kh7 19.Rad1 e5 20.Nb5 Nb3 21.Bxc5 Nxc5 22.a5 Na4
23.b3 Nb2 24.Rxd8 Rxd8 25.Nxa7 Nxc4 26.bxc4 Ra8 27.Nb5 Rxa5 28.Nd6 b6 29.Rd1 Rc5
30.Ra1 Rc7 31.Ra8 Rd7 32.Nb5 Rd2+ 33.Kg3 Rd3 34.Kf2 Rd2+ 35.Ke3 Rh2 36.Nd6 Rxh4
37.Nf7 g5 38.Rh8+  1-0

[Event "Tilburg"]
[Site "Tilburg"]
[Date "1983.??.??"]
[Round "?"]
[White "Portisch, Lajos"]
[Black "Timman, Jan H"]
[Result "1/2-1/2"]
[WhiteElo "2600"]
[BlackElo "2605"]

1.Nf3 Nf6 2.c4 b6 3.d4 e6 4.g3 Ba6 5.b3 Bb4+ 6.Bd2 Be7 7.Bg2 d5 8.cxd5 Nxd5
9.Nc3 Nd7 10.Nxd5 exd5 11.O-O O-O 12.Rc1 Re8 13.Re1 c5 14.Be3 Bb7 15.Nd2 Rc8
16.Nb1 Nf6 17.dxc5 bxc5 18.Nc3 h6 19.Na4 Qa5 20.Qc2 Rc7 21.Red1 Bf8 22.Bf4 Rcc8
23.Nc3 Qa6 24.Nxd5 Nxd5 25.Bxd5 Bxd5 26.Rxd5 Rxe2 27.Rd2 Rxd2 28.Bxd2 Rd8
29.Be3 Rd5 30.h4 Rd8 31.Kh2 Rd5 32.Qc4 Qe6 33.Qa4 a6 34.Qc4 Qd6 35.Qe2 g6
36.Qf3 Bg7 37.Rc4 h5 38.Ra4 Bd4 39.Qe2  1/2-1/2

[Event "Tilburg"]
[Site "Tilburg"]
[Date "1983.??.??"]
[Round "?"]
[White "Timman, Jan H"]
[Black "Huebner, Robert"]
[Result "1/2-1/2"]
[WhiteElo "2605"]
[BlackElo "2620"]

1.e4 e5 2.Nf3 Nf6 3.d4 Nxe4 4.Bd3 d5 5.Nxe5 Nd7 6.Nxd7 Bxd7 7.O-O Qh4 8.c4 O-O-O
9.c5 g6 10.Nc3 Bg7 11.Ne2 Nf6 12.b4 Nh5 13.b5 Rhe8 14.c6 Bg4 15.Qa4 Kb8 16.Nf4 Bc8
17.cxb7 Bxb7 18.Ne2 Re6 19.Ba3 Bf8 20.Bxf8 Rxf8 21.Rac1 Rfe8 22.Qa5 Qd8 23.Qd2 Qd6
24.Rc2 Nf6 25.f3 Nd7 26.Nc1 Nb6 27.Qf2 Qb4 28.Rb2 Qa3 29.Rc2 Qb4 30.Rb2 Qa3
31.Rc2  1/2-1/2

[Event "Tilburg"]
[Site "Tilburg"]
[Date "1983.??.??"]
[Round "?"]
[White "Vaganian, Rafael A"]
[Black "Timman, Jan H"]
[Result "0-1"]
[WhiteElo "2620"]
[BlackElo "2605"]

1.d4 Nf6 2.Nf3 e6 3.Bg5 c5 4.e3 d5 5.c3 Be7 6.Bd3 Nbd7 7.O-O b6 8.Ne5 Nxe5
9.dxe5 Nd7 10.Bf4 Bb7 11.c4 dxc4 12.Bxc4 Qc7 13.Bb5 a6 14.Bxd7+ Qxd7 15.Nd2 g5
16.Bg3 Rd8 17.Nf3 Qc6 18.Qe2 h5 19.h3 g4 20.hxg4 hxg4 21.Ne1 Qe4 22.f3 gxf3
23.Nxf3 Qg4 24.Bf4 Rg8 25.Rf2 Rd7 26.Nh2 Qg6 27.Nf3 Qg4 28.Nh2 Qh3 29.Kh1 Bh4
30.e4 Qd3 31.Qxd3 Rxd3 32.Re2 Rh8 33.Kg1 Rg8 34.Kf1 Be7 35.Rae1 c4 36.Nf3 Rh8
37.Kf2 b5 38.Rd2 Bb4 39.Rxd3 Bxe1+ 40.Nxe1 cxd3 41.Nxd3 Kd7 42.b4 Rh1 43.Nc5+ Kc7
44.Kg3 Ra1 45.Kh4 Rxa2  0-1

[Event "KRO m"]
[Site "Hilversum"]
[Date "1984.??.??"]
[Round "2"]
[White "Portisch, Lajos"]
[Black "Timman, Jan H"]
[Result "0-1"]
[WhiteElo "2640"]
[BlackElo "2650"]

1.d4 Nf6 2.c4 e6 3.Nf3 b6 4.Nc3 Bb4 5.Qc2 Bb7 6.a3 Bxc3+ 7.Qxc3 O-O 8.e3 Ne4
9.Qc2 f5 10.b4 a5 11.b5 d6 12.Bb2 Nd7 13.Be2 Ng5 14.Nd2 Bxg2 15.Rg1 Be4 16.Qc3 Nh3
17.Rg3 Qh4 18.Nf3 Bxf3 19.Bxf3 Rad8 20.Bg2 Ng5 21.O-O-O Nf6 22.Qc2 Nge4 23.Bxe4 fxe4
24.Rdg1 Rd7 25.R1g2 Rdf7 26.Kb1 Nh5 27.Rg4 Qh3 28.Qxe4 Nf6 29.Qxe6 Nxg4 30.Rxg4 Kh8
31.d5 Qf1+ 32.Ka2 Rxf2  0-1

[Event "KRO m"]
[Site "Hilversum"]
[Date "1984.??.??"]
[Round "4"]
[White "Portisch, Lajos"]
[Black "Timman, Jan H"]
[Result "1-0"]
[WhiteElo "2640"]
[BlackElo "2650"]

1.d4 Nf6 2.c4 e6 3.Nf3 b6 4.e3 Bb7 5.Bd3 d5 6.O-O Nbd7 7.cxd5 exd5 8.Nc3 Bd6
9.Qc2 c5 10.e4 c4 11.e5 cxd3 12.Qxd3 Be7 13.exf6 Nxf6 14.Qb5+ Qd7 15.Re1 Ne4
16.Qxd7+ Kxd7 17.Ne5+ Ke8 18.Nb5 Kf8 19.f3 Bb4 20.Rd1 Nd6 21.Bd2 Nxb5 22.Bxb4+ Kg8
23.Rac1 f6 24.Ng4 a5 25.a4 Na7 26.Rc7 h5 27.Rxb7 hxg4 28.Bc3 gxf3 29.Re1 Rh4
30.Re6 Rg4 31.g3 Re4 32.Rbxb6 Nc8 33.Ra6 Rxa6 34.Rxa6 Ne7 35.Kf2 Nf5 36.Rxa5 Nxd4
37.Rxd5 Re2+ 38.Kf1 Nc2 39.Bd2 Kf7 40.a5 Ke6 41.Rd8 Rxh2 42.a6 Rh1+ 43.Kf2 Ra1
44.Ra8 Kd7 45.a7 Kc7 46.Rg8 Kb7 47.Rxg7+ Ka8 48.Rc7 Nd4 49.Be3 Ra4 50.Rc8+  1-0

[Event "London"]
[Site "London"]
[Date "1984.??.??"]
[Round "?"]
[White "Chandler, Murray G"]
[Black "Timman, Jan H"]
[Result "1/2-1/2"]
[WhiteElo "2515"]
[BlackElo "2610"]

1.e4 c5 2.Nf3 d6 3.d4 cxd4 4.Nxd4 Nf6 5.Nc3 a6 6.Be3 e6 7.f4 b5 8.Qf3 Bb7
9.Bd3 Nbd7 10.g4 b4 11.Nce2 Nc5 12.Ng3 Rc8 13.g5 Nfd7 14.h4 e5 15.Nb3 exf4
16.Bxf4 Ne6 17.Nf5 Nxf4 18.Qxf4 Ne5 19.O-O-O g6 20.Ne3 Bg7 21.Kb1 Qb6 22.h5 Rg8
23.hxg6 hxg6 24.Rh7 a5 25.Nd4 Nxd3 26.Rxd3 Rc7 27.Rxg7 Rxg7 28.Ng4 Qc5 29.Nf6+ Ke7
30.e5 d5 31.Ne4 Rh7 32.b3 Qb6 33.Nd6 Rc3 34.Rd1 Bc8 35.Rf1 Be6 36.Nxe6 Kxe6
37.Qf6+ Kd7 38.e6+ fxe6 39.Nf7 Kc7 40.Qxg6 Rch3 41.Qf6 Rh1 42.g6 Rxf1+ 43.Qxf1 Rg7
44.Qf6  1/2-1/2

[Event "London"]
[Site "London"]
[Date "1984.??.??"]
[Round "?"]
[White "Timman, Jan H"]
[Black "Kortschnoj, Viktor"]
[Result "1/2-1/2"]
[WhiteElo "2610"]
[BlackElo "2635"]

1.d4 Nf6 2.c4 e6 3.Nf3 b6 4.g3 Bb7 5.Bg2 Be7 6.O-O O-O 7.Nc3 Ne4 8.Qc2 Nxc3
9.Qxc3 f5 10.b3 Bf6 11.Bb2 d6 12.Rad1 Qc8 13.Qd2 Nd7 14.Ne1 Bxg2 15.Nxg2 Rf7
16.Qc2 g6 17.e4 Bd8 18.exf5 gxf5 19.Rfe1 Nf8 20.Nf4 Qd7  1/2-1/2

[Event "London"]
[Site "London"]
[Date "1984.??.??"]
[Round "?"]
[White "Timman, Jan H"]
[Black "Mestel, A Jonathan"]
[Result "1-0"]
[WhiteElo "2610"]
[BlackElo "2540"]

1.d4 Nf6 2.c4 d6 3.Nc3 Nbd7 4.e4 e5 5.Nge2 c6 6.g3 g6 7.Bg2 Bg7 8.O-O O-O
9.h3 a6 10.b3 b5 11.Ba3 Ne8 12.dxe5 Bxe5 13.Rb1 Rb8 14.Bb2 bxc4 15.bxc4 Qa5
16.Qc2 Rb4 17.a3 Rxc4 18.Qb3 Rc5 19.a4 Bg7 20.Rfd1 Re5 21.Na2 Re7 22.Bxg7 Nxg7
23.Rxd6 Nc5 24.Qc3 Qxa4 25.Qxc5 Qxa2 26.Nc3 Ne6 27.Qe3 Qc4 28.Rc1 Qc5 29.Qxc5 Nxc5
30.Rxc6 Nxe4 31.Nxe4  1-0

[Event "London"]
[Site "London"]
[Date "1984.??.??"]
[Round "?"]
[White "Vaganian, Rafael A"]
[Black "Timman, Jan H"]
[Result "0-1"]
[WhiteElo "2630"]
[BlackElo "2610"]

1.d4 Nf6 2.c4 e6 3.Nf3 b6 4.Nc3 Bb4 5.Bg5 h6 6.Bh4 Bb7 7.e3 g5 8.Bg3 Ne4
9.Qc2 Bxc3+ 10.bxc3 Nxg3 11.fxg3 g4 12.Nh4 Nc6 13.Bd3 Qf6 14.Qe2 h5 15.Rb1 Ne7
16.e4 e5 17.Rf1 Qg7 18.Qe3 d6 19.Kf2 Qh6 20.Rb2 c5 21.d5 Bc8 22.a4 Bd7 23.a5 Qxe3+
24.Kxe3 Nc8 25.Ra1 O-O 26.axb6 Nxb6 27.Rba2 a5 28.Nf5 Bxf5 29.exf5 Kg7 30.Rxa5 Rxa5
31.Rxa5 Ra8 32.Rb5 Ra6 33.h3 Kf6 34.Rb1 Nc8 35.Be4 Ne7 36.Kd3 Ng8 37.Rb7 Kg7
38.Kd2 Ra2+ 39.Bc2 e4 40.Rb8 Ne7 41.hxg4 hxg4 42.Re8 Kf6 43.Kc1 e3 44.Rh8 Ra1+
45.Bb1 Nxf5 46.Kb2 e2 47.Rh1 Nxg3  0-1

[Event "Tilburg"]
[Site "Tilburg"]
[Date "1985.??.??"]
[Round "?"]
[White "Kortschnoj, Viktor"]
[Black "Timman, Jan H"]
[Result "1-0"]
[WhiteElo "2630"]
[BlackElo "2640"]

1.Nf3 c5 2.b3 d5 3.e3 Nc6 4.Bb2 a6 5.d4 Bg4 6.dxc5 e5 7.Be2 Bxf3 8.Bxf3 e4
9.Bg4 Nf6 10.Bxf6 gxf6 11.Nc3 Qa5 12.Qd2 Rd8 13.Na4 Qc7 14.O-O Rg8 15.Bh3 d4
16.Kh1 Bh6 17.Qe2 Qe5 18.Rad1 Kf8 19.Nb6 f5 20.Qh5 Kg7 21.exd4 Nxd4 22.Nc4 Qxc5
23.Ne3 Bxe3 24.fxe3 Ne6 25.Bxf5 Rxd1 26.Rxd1 Kf6 27.Rf1 Ke7 28.Qxh7  1-0

[Event "Tilburg"]
[Site "Tilburg"]
[Date "1985.??.??"]
[Round "?"]
[White "Huebner, Robert"]
[Black "Timman, Jan H"]
[Result "1/2-1/2"]
[WhiteElo "2620"]
[BlackElo "2640"]

1.e4 c5 2.Nf3 d6 3.d4 cxd4 4.Nxd4 Nf6 5.Nc3 a6 6.Be2 e6 7.O-O Be7 8.f4 O-O
9.a4 Nc6 10.Kh1 Qc7 11.Bf3 Rb8 12.Be3 Re8 13.Qd2 Na5 14.b3 b6 15.Rad1 Bb7
16.e5 Bxf3 17.Rxf3 Ng4 18.exd6 Qxd6 19.Bg1 Qc7 20.Qe2  1/2-1/2

[Event "Tilburg"]
[Site "Tilburg"]
[Date "1985.??.??"]
[Round "?"]
[White "Ljubojevic, Ljubomir"]
[Black "Timman, Jan H"]
[Result "1-0"]
[WhiteElo "2615"]
[BlackElo "2640"]

1.e4 c5 2.Nf3 e6 3.d4 cxd4 4.Nxd4 Nf6 5.Nc3 d6 6.g4 h6 7.h4 Be7 8.Qf3 Nc6
9.Bb5 Bd7 10.Bxc6 Bxc6 11.g5 Nd7 12.gxh6 Ne5 13.Qg3 gxh6 14.Bf4 Nc4 15.Nxc6 bxc6
16.b3 Ne5 17.O-O-O Bf6 18.Bxe5 Bxe5 19.f4 Bxc3 20.Qxc3 Ke7 21.e5 d5 22.Qc5+ Kd7
23.Qd6+ Ke8 24.Qxc6+ Kf8 25.f5 Rc8 26.Qa6 Qc7 27.Rh2 Re8 28.Re2 Qc5 29.Rf1 Rg8
30.fxe6 Rg1 31.Ree1 Rxe6 32.Qxe6 Qe3+ 33.Rxe3 Rxf1+ 34.Re1  1-0

[Event "Tilburg"]
[Site "Tilburg"]
[Date "1985.??.??"]
[Round "?"]
[White "Timman, Jan H"]
[Black "Huebner, Robert"]
[Result "1/2-1/2"]
[WhiteElo "2640"]
[BlackElo "2620"]

1.e4 e5 2.Nf3 Nc6 3.Bb5 a6 4.Ba4 Nf6 5.O-O Be7 6.Re1 b5 7.Bb3 O-O 8.c3 d5
9.exd5 Nxd5 10.Nxe5 Nxe5 11.Rxe5 c6 12.g3 Bd6 13.Re1 Qd7 14.d3 Qh3 15.Re4 Qf5
16.Nd2 Qg6 17.Nf1 f5 18.Rd4 f4 19.Rxd5 cxd5 20.Bxd5+ Be6 21.Bxa8 Rxa8 22.Qf3 Rf8
23.Qe4 Bf5 24.Qd5+ Kh8 25.a4 b4 26.cxb4 fxg3 27.hxg3 Bxb4 28.Bd2 Bxd2 29.Nxd2 Bxd3
30.Ra3 Bc2 31.Rf3 Re8 32.b3 h6 33.Kg2 Kh7 34.Rf4 Qb6 35.Qc4 Qb7+ 36.Kh2 Rc8
37.Qb4 Qd5 38.Nc4 Qh5+ 39.Kg2 Qd5+ 40.Kh2 Qh5+ 41.Kg2 Qd5+  1/2-1/2